000 00667nam a2200217 a 4500
001 BRCA_1722
005 20190320203525.0
008 930318s1993 caua---##b---#001-0beng-#
020 _a0811805026
040 _aDLC
_cDLC
_dDLC
050 4 _aTR140.M6
_b.C66 1993
100 1 _aConstantine, Mildred
_95386
245 1 0 _aTina Modotti
_ba fragile life
_cMildred Constantine.
260 _aSan Francisco
_bChronicle Books
_cc1993
300 _a189 p.
_bil.
_c25 cm.
500 _aIncluye índice alfabético
504 _aBibliografía: p. [194]
600 1 4 _aModotti, Tina
_d1896-1942
_95387
650 1 4 _aMujeres fotógrafas
_vBiografía
_zMéxico
_95388
942 _2lcc
_cB
999 _c1511
_d1511